000 00592nam a22001817a 4500
999 _c177785
_d177785
005 20210303170840.0
010 _aENG-129127
020 _c195.00
_a978-81-944203-9-2
035 _aEN-112659
037 _bDBAD/PUB
082 _a158.1
100 _aCarnegie, Dale
245 _aHow to Stop Worrying and Start Living/
_cDale Carnegie
260 _aDelhi
_bPharos Books (P) Ltd.
_c2020
270 _bDelhi
_e110092
_aA-55, Main Mother Dairy Road, Pandav Nagar
_k8447931000, 9319228272
_msales@pharosbooks.in
300 _av+301p.
_c22cm(pbk)
942 _2ddc
_cEN
_h158.1
_mCAR